|
|
|
|
| LEADER |
00000nab a2200000 a 4500 |
| 001 |
vtls000878553 |
| 003 |
SK-MaSNL |
| 005 |
20260303165036.0 |
| 008 |
040806c2004 xo 0 slo |
| 015 |
|
|
|a SNBRB2004/07-20933
|
| 035 |
|
|
|a CLN000230102
|
| 040 |
|
|
|a SNKBUCL
|b slo
|c SNKBUCL
|e AACR2
|
| 041 |
0 |
|
|a slo
|
| 044 |
|
|
|a xo
|c SK
|
| 080 |
|
|
|a 798.42.093.1(437.6)
|2 1997
|
| 100 |
1 |
|
|a Kočan, Miki,
|c ml.
|4 aut
|9 49415
|
| 245 |
1 |
0 |
|a Jarná cena kobýl: Mariella Zvládla úlohu favoritky
|c Mikuláš Kočan ml.
|
| 300 |
|
|
|b Fotogr.
|
| 611 |
2 |
7 |
|a Jarná cena kobýl
|n (12. :
|d 2004 :
|c Bratislava, Slovensko)
|2 snkbucl
|9 856383
|
| 650 |
0 |
7 |
|a jazdectvo
|x dostihy
|2 snkbucl
|9 842330
|
| 655 |
|
7 |
|a články z novín a časopisov
|2 snkbucl
|9 267496
|
| 773 |
0 |
|
|x 1335-4922
|t Jazdectvo a dostihy
|g Roč. 9, č. 3 (2004), s. 34
|
| 850 |
|
|
|a Slovenská národná knižnica v Martine
|
| 852 |
|
|
|a SNK
|b KIS3GCP
|
| 999 |
|
|
|c 2069521
|d 2071451
|